| 000 | 02683cas a2200637 a 4500 | ||
|---|---|---|---|
| 001 | data | ||
| 005 | 20260322212118.0 | ||
| 008 | data | ||
| 010 | _a 09022953 | ||
| 019 |
_a1421857771 _a1421857771 |
||
| 022 | 0 |
_a0749-1883 _21 |
|
| 023 | 0 |
_a0749-1883 _21 |
|
| 029 | 1 |
_aAU@ _b000000926543 |
|
| 029 | 1 |
_aAU@ _b000055524202 |
|
| 035 | _a(OCoLC)8894398 | ||
| 040 |
_aNYG _beng _cNYG _dZYU _dNSD _dDLC _dNST _dLVB _dEEM _dNIALS _dOCLCQ _dOCLCF _dAOW _dOCLCQ _dOCLCO _dOCLCA _dOCLCO _dOCLCL _dOCLCQ _dZYU |
||
| 042 |
_ansdp _ansdp |
||
| 050 | 0 | 0 |
_aB21 _b.C25 |
| 082 | 0 | 0 |
_a100 _219 _1https://id.oclc.org/worldcat/ddc/E3pfGWC4fMC8hTwDvhvvvPFXYC |
| 210 | 0 | _aUniv. Calif. publ. philos. | |
| 222 | 0 | _aUniversity of California publications in philosophy | |
| 245 | 0 | 0 | _aUniversity of California publications in philosophy. |
| 246 | 3 | _aPublications in philosophy | |
| 264 | 1 |
_aBerkeley [Calif.] : _bUniversity Press, _c1909- |
|
| 300 |
_avolumes ; _c24-26 cm |
||
| 310 | _aIrregular | ||
| 336 |
_atext _btxt _2rdacontent |
||
| 337 |
_aunmediated _bn _2rdamedia |
||
| 338 |
_avolume _bnc _2rdacarrier |
||
| 362 | 0 | _aVol. 2, no. 1 (May 15, 1909)- | |
| 362 | 1 | _aCeased with: Vol. 36, published in 1965. | |
| 500 | _aTitle from cover. | ||
| 500 | _aEach issue bears also a distinct title. | ||
| 555 | _aVol. 1 (1904) [under earlier serial title]-v. 19 (1936) indexed in: University of California, Berkeley. Dept. of Philosophy. Philosophical bibliography series. | ||
| 588 | 1 | _aVol. 36 (surrogate) | |
| 650 | 0 | _aPhilosophy. | |
| 650 | 2 | _aPhilosophy | |
| 650 | 6 |
_aPhilosophie _vCollections. |
|
| 650 | 6 | _aPhilosophie. | |
| 650 | 7 |
_aphilosophy. _2aat |
|
| 650 | 7 |
_aPhilosophy. _2fast _0(OCoLC)fst01060777 |
|
| 655 | 2 | _aPeriodical | |
| 710 | 2 |
_aUniversity of California, Berkeley. _1https://id.oclc.org/worldcat/entity/E39QH7JmtdhhRVgpGjFRFYkXM6 |
|
| 710 | 2 |
_aUniversity of California (System), _eissuing body. |
|
| 710 | 2 |
_aUniversity of California (1868-1952), _eissuing body. |
|
| 775 | 0 | 8 |
_iJohnson Reprint edition (1969): _tUniversity of California publications. Philosophy _x0749-1883 _w(OCoLC)8487102 |
| 776 | 0 | 8 |
_iOnline version: _tUniversity of California publications in philosophy _w(OCoLC)709433439 |
| 780 | 0 | 0 |
_tUniversity of California publications. Philosophy _x0749-1883 _w(OCoLC)1552480 _w(OCoLC)1552480 |
| 906 |
_a7 _bcbc _cserials _d3 _encip _f19 _gn-oclcserc |
||
| 590 | _aSERBIB/SERLOC merged record | ||
| 890 |
_aCalifornia. University. University of California publications in philosophy. _i09-22953 |
||
| 920 | _aKeep 2 | ||
| 991 |
_bc-GenColl _hB21 _i.C25 _wSERIALS |
||
| 992 |
_bcall x7-5305 _wSERLOC |
||
| 999 |
_c1792 _d1792 |
||